Quizzes
Events
Quiz Creation
Community
Videos
Private Events
Remove Ads
Sign In
Join for FREE
Feedback
Dark Mode
Quiz Categories
Sports
Geography
Music
Movies
Television
Just For Fun
Miscellaneous
History
Literature
Language
Science
Gaming
Entertainment
Religion
Holiday
For Kids
Quiz Lab
Recent
Popular Today
Quiz Kudos Today
Editor Picks
Curator Picks
Quizzes by...
Day
Popularity
Type
Ratings
Length
Year
Community
Subscriptions
Recent Discussions
Orange Saloon
Badges
Playlists
Quests
Create
Leaderboards
Showdown
Live 5
Trivia Bingo
Activity
Puzzle Library
Sporcle Events
Private Events
Virtual Trivia
Globe League
Become a Host
Pub Owners
SporcleCon
Opinionation
Our Games
Videos
Blog
Mobile Apps
Partnerships
Remove Ads and Go Orange
Feedback
Sports
Athletes
MLB
NBA
NHL
NFL
Soccer
Sports Teams
WWE
NCAA
Football
Premier League
Basketball
Baseball
Hockey
Golf
Tennis
Cricket
Rugby
Auto Racing
Olympics
World Cup
Sports
Athletes
MLB
NBA
NHL
NFL
Soccer
Sports Teams
WWE
NCAA
Football
Premier League
Basketball
Baseball
Hockey
Golf
Tennis
Cricket
Rugby
Auto Racing
Olympics
World Cup
Random Quiz
Search Sporcle
×
Quiz Lab
Quiz Lab
Sports
Football
Type in answers that appear in a list
Type in answers that appear in a list
Classic
Best Score? Go Orange.
Top 100 NHLers of all-time by position Stats
Can you name the Top 100 NHLers of all-time by position (according to The Hockey News)?
By
jlev
10m
100 Questions
858 Plays
858 Plays
858 Plays
Comments
Comments
Give Quiz Kudos
Give Quiz Kudos
-
- Ratings
hide this ad
More Info
Replay
Link that replays current quiz
Next Quiz
Link to next quiz in quiz playlist
You Got
0%
They Got
Avg Score
56%
Avg Friend Score
Upgrade to see
Score Distribution
Jump to the score distribution portion of the page
Score
0/100
Timer
10:00
0
Plays Today
Position
Player
% Correct
Centres
Wayne Gretzky
94.1%
Goalies
Patrick Roy
93.2%
Goalies
Martin Brodeur
91.6%
Defencemen
Bobby Orr
91.5%
Centres
Mario Lemieux
91.1%
Centres
Mark Messier
87.9%
Left wingers
Bobby Hull
87.3%
Right wingers
Brett Hull
87.1%
Goalies
Dominik Hasek
86.7%
Defencemen
Ray Bourque
86.4%
Right wingers
Gordie Howe
86.4%
Right wingers
Maurice Richard
84.6%
Goalies
Tony Esposito
84.4%
Centres
Phil Esposito
84.4%
Centres
Henri Richard
84.1%
Centres
Joe Sakic
83.2%
Centres
Steve Yzerman
82.1%
Defencemen
Paul Coffey
80.4%
Defencemen
Nicklas Lidstrom
80.3%
Right wingers
Jaromir Jagr
78.3%
Right wingers
Mike Bossy
78.1%
Right wingers
Guy LaFleur
76.7%
Goalies
Terry Sawchuk
76.1%
Goalies
Ed Belfour
74.7%
Defencemen
Denis Potvin
74.5%
Goalies
Jacques Plante
74.4%
Centres
Stan Mikita
74.1%
Centres
Sidney Crosby
74%
Centres
Bobby Clarke
73.9%
Centres
Bryan Trottier
73.7%
Goalies
Ken Dryden
72.5%
Goalies
Grant Fuhr
71.9%
Right wingers
Jari Kurri
71.8%
Defencemen
Brian Leetch
71.4%
Position
Player
% Correct
Left wingers
Alex Ovechkin
71.3%
Defencemen
Chris Chelios
70.7%
Centres
Jean Beliveau
70.4%
Defencemen
Larry Robinson
69.7%
Left wingers
Luc Robitaille
69.6%
Goalies
Billy Smith
69.5%
Defencemen
Scott Niedermayer
69.5%
Defencemen
Chris Pronger
69.5%
Right wingers
Teemu Selanne
69.3%
Defencemen
Al MacInnis
69%
Defencemen
Scott Stevens
68.5%
Centres
Peter Forsberg
66.7%
Right wingers
Pavel Bure
66.4%
Centres
Marcel Dionne
66.3%
Left wingers
Brendan Shanahan
61.3%
Defencemen
Doug Harvey
61.2%
Right wingers
Jarome Iginla
59.4%
Goalies
Glenn Hall
58.6%
Goalies
Bernie Parent
56.9%
Left wingers
Ted Lindsay
56.2%
Centres
Gilbert Perreault
55.8%
Defencemen
Eddie Shore
53.3%
Left wingers
Frank Mahovlich
51.6%
Left wingers
Johnny Bucyk
51.4%
Left wingers
Toe Blake
49.8%
Right wingers
Cam Neely
49.3%
Defencemen
Brad Park
48.5%
Right wingers
Alexander Mogilny
48.1%
Centres
Howie Morenz
47.6%
Right wingers
Mike Gartner
47.3%
Left wingers
Ilya Kovalchuk
47.1%
Left wingers
Michel Goulet
47%
Right wingers
Bernie Geoffrion
46.6%
Right wingers
Lanny McDonald
44.6%
Position
Player
% Correct
Left wingers
Steve Shutt
43.4%
Defencemen
Red Kelly
43.1%
Defencemen
Tim Horton
42.3%
Goalies
Georges Vezina
41.3%
Right wingers
Yvan Cournoyer
41.1%
Goalies
Turk Broda
37.6%
Left wingers
Dickie Moore
37.2%
Goalies
George Hainsworth
35.1%
Defencemen
Pierre Pilote
34.7%
Centres
Syl Apps
34.7%
Left wingers
Bill Barber
34.3%
Centres
Joe Malone
33.3%
Left wingers
Bob Gainey
33.2%
Right wingers
Andy Bathgate
30.9%
Left wingers
Henrik Zetterberg
30.3%
Centres
Milt Schmidt
29.8%
Goalies
Bill Durnan
29%
Goalies
Frank Brimsek
25.6%
Centres
Newsy Lalonde
25.6%
Right wingers
Charlie Conacher
25.3%
Defencemen
Dit Clapper
23.5%
Left wingers
Aurel Joliat
23%
Left wingers
Busher Jackson
22.4%
Defencemen
King Clancy
19.5%
Left wingers
Cy Denneny
19.3%
Goalies
Clint Benedict
17.6%
Left wingers
Doug Bentley
17.4%
Right wingers
Bill Cook
17.1%
Right wingers
Babe Dye
16%
Goalies
Chuck Gardiner
15.7%
Goalies
Lorne Chabot
13.8%
Left wingers
Sweeney Schriner
11%
Quiz Playlist
Details
Report
Send in Message
Add To Playlist
More Info:
teams the players are best known to have played for.
Classic:
Type in answers that appear in a list
Last Updated: Feb 16, 2017
Quiz Scoreboard
CHALLENGE
Sign Up to Join the Scoreboard
Show All
Scores
Hide
Comments
May contain spoilers
Recently Published
1-10 Letter E Words III
by El_Dandy
Language
2m
One Thing in Common: World Cities II
by knightlancer
Geography
7m
Popular People in 1961
by mucciniale
History
6m
More to Explore
Quiz From the Vault
Featured Blog Post
Where Did the Easter Bunny Come From?
hide this ad
You Might Also Like...
Tags
Football Quiz
100
HLER
Player
team
Top 100
Today's Top Quizzes in Sports
Browse Sports
hide this ad
Today's Top Quizzes in Football
Browse Football
Top Contributed Quizzes in Sports
1
2022 World Cup Stars
2
Les entraîneurs de l'OM et du PSG au 21e siècle
3
FIFA Club World Cup Champions
4
Criteria MLB: Left Handed Sluggers
5
Les meilleurs buteurs des matchs entre le PSG et l’OM
6
Name the Premier League winners with different clubs
7
Players with Multiple 50 Home Run Seasons
8
MLB Players with Two .350 Batting Average Seasons
9
La finale Lions - Afrique du Sud 2021
10
MLB Hall of Famer by Rings
Explore More
Trending Topics
Harry Potter
Disney
Crossword
Anime
NBA
Kpop
Marvel
Pokémon
The Office
Country
Song
Puzzle
NFL
Soccer
WWE
hide this ad
More By:
jlev
Quiz
Plays
Rating
Category
Featured
Created
Top 100 NHLers of all-time by position
858
4.11
Sports
Oct 15, 2010
MLB career innings pitched leaders
360
5.00
Sports
Apr 20, 2010
2009-2010 NHL Scoring Leaders
332
4.33
Sports
Apr 12, 2010
2010 Toronto Blue Jays Opening Day Roster
306
5.00
Sports
Apr 20, 2010
first round NHL goaltenders
250
5.00
Sports
Oct 19, 2010
Go to Creator's Profile
Score Distribution
Quiz Creator Spotlight
jlev
Follow
Send a Message
Quizzes Created
-
Created Quiz Play Count
-
More By This Creator
Popular Quizzes Today
1
Find the US States - No Outlines Minefield
2
The Countries of the World
3
Popular People in 1961
4
Find the Countries of Europe - No Outlines Minefield
5
1-10 Letter E Words III
6
Find the US States
7
One Thing in Common: World Cities II
8
US States
More Sports Quizzes
Short but Stout (II)
Editor's Pick
Trending Quizzes
1-10 Letter F Words
1-10 Letter G Words
Risky Map Clicking: Next State Alphabetically
1-10 Letter F Words II
Risky Map Clicking: States by Unique Starting Letters
Recently Updated
Leaping Animals
pecheneg
Reality TV Shows (A-Z)
bhenderson79
Rickey Henderson's Hall of Fame Teammates
pecheneg
Champions League XIs: Arsenal
pecheneg
Quick Pick: Celebrities in WWE's Hall of Fame
aduchscher
A-Z Keypad Blitz II
pecheneg
Multiple Oscar Actors
pecheneg
Mystery Phrase Blitz: Oscar 'Best Actors'
pecheneg
F. Scott Fitzgerald Novels
LTH
Pick 3 Villains
ddd62291
Trending Topics
Anime
Disney
Crossword
Harry Potter
NBA
Marvel
Kpop
Pokémon
NFL
The Office
WWE
Country
Song
Soccer
Puzzle
Your Account Isn't Verified!
In order to create a playlist on Sporcle, you need to verify the email address you used during registration. Go to your
Sporcle Settings
to finish the process.
Report this User
Report this user for behavior that violates our
Community Guidelines
.
Details:
Send Report
Go to the Sporcle.com Mobile Site →
Comments